banner-ar

وثيقة خطيرة امين الريحانى جاسوس امريكى ( الهلال فبراير 2006 ) (Record no. 7859)

MARC details
000 -الفاتح
حقل البيانات ثابتة الطول 00944nam a2200253Ia 4500
005 - وقت وتاريخ اخر تعامل مع التسجيلة
رقم الضبط 20240530095511.0
008 - عناصر البيانات ثابتة الطول - معلومات عامة
حقل البيانات ثابتة الطول 140319s9999 xx 000 0 ara d
040 ## - مصدر الفهرسة
وكالة الفهرسة الأصلية GCL /
وكالة النسخ GCL
082 04 - رقم تصنيف ديوى العشرى
رقم التصنيف 050
رقم المادة د/د هـ
245 10 - بيان العنوان
العنوان وثيقة خطيرة امين الريحانى جاسوس امريكى ( الهلال فبراير 2006 )
260 ## - PUBLICATION, DISTRIBUTION, ETC. (IMPRINT)
تاريخ النشر أو التوزيع 2006
650 04 - المدخل الاضافى بالموضوع-مصطلح موضوعى
مصطلح موضوعي الطاقة الشمسية
650 04 - المدخل الاضافى بالموضوع-مصطلح موضوعى
مصطلح موضوعي امين الريحانى
650 04 - المدخل الاضافى بالموضوع-مصطلح موضوعى
مصطلح موضوعي الثقافة العالمية
650 04 - المدخل الاضافى بالموضوع-مصطلح موضوعى
مصطلح موضوعي السياسة الخارجية - الولايات المتحدة الامريكية
650 04 - المدخل الاضافى بالموضوع-مصطلح موضوعى
مصطلح موضوعي الازهر - الدور السياسى
650 04 - المدخل الاضافى بالموضوع-مصطلح موضوعى
مصطلح موضوعي بريانكا غاندى
650 04 - المدخل الاضافى بالموضوع-مصطلح موضوعى
مصطلح موضوعي فؤاد قاعود
650 04 - المدخل الاضافى بالموضوع-مصطلح موضوعى
مصطلح موضوعي حلمى التونى
650 04 - المدخل الاضافى بالموضوع-مصطلح موضوعى
مصطلح موضوعي فاروق حسنى
650 04 - المدخل الاضافى بالموضوع-مصطلح موضوعى
مصطلح موضوعي عبد العزيز البشرى
942 ## - عناصر المدخل الإضافي( كوها)
مصدر التصنيف او مخطط الترفيف Dewey Decimal Classification
Koha [default] item type الدوريات
260 ## - PUBLICATION, DISTRIBUTION, ETC. (IMPRINT)
-- القاهرة :
-- دار الهلال للطباعة والنشر ،
Holdings
حالة التراجع حالة الفقد مصدر التصنيف او خطة الترفيف حالة تلف ليس للاعارة المكان المؤقت الموقع الحالى تاريخ الاكتساب اجمالي اﻻعارات رقم الطلب الباركود تاريخ اخر مشاهدة تاريخ تفعيل السعر نوع وعاء كوها
    ddc     مكتبة القاهرة الكبرى مكتبة القاهرة الكبرى 03/26/2014   050 د/د هـ 16147 03/26/2014 03/26/2014 الدوريات
    ddc     مكتبة القاهرة الكبرى مكتبة القاهرة الكبرى 03/26/2014   050 د/د هـ 16148 03/26/2014 03/26/2014 الدوريات
    ddc     مكتبة القاهرة الكبرى مكتبة القاهرة الكبرى 03/26/2014   050 د/د هـ 16149 03/26/2014 03/26/2014 الدوريات
    ddc     مكتبة القاهرة الكبرى مكتبة القاهرة الكبرى 03/26/2014   050 د/د هـ 16150 03/26/2014 03/26/2014 الدوريات
    ddc     مكتبة القاهرة الكبرى مكتبة القاهرة الكبرى 03/26/2014   050 د/د هـ 16151 03/26/2014 03/26/2014 الدوريات
    ddc     مكتبة القاهرة الكبرى مكتبة القاهرة الكبرى 03/26/2014   050 د/د هـ 16152 03/26/2014 03/26/2014 الدوريات

Powered By

EGPV